Systém manažérstva kvality v podniku cestovného ruchu diplomová práca

Salvato in:
Dettagli Bibliografici
Autore principale: Gajdošová, Kristína
Ente Autore: Obchodná fakulta EU. Katedra tovaroznalectva a kvality tovaru
Altri autori: Karkalíková, Marta
Natura: Libro
Lingua:slovacco
Pubblicazione: Bratislava 2009
Tags: Aggiungi Tag
Nessun Tag, puoi essere il primo ad aggiungerne!!

MARC

LEADER 00000nam$a2200000$$$4500
001 0097454
005 20240319125444.7
041 0 |a slo 
044 |a SK 
245 1 0 |a Systém manažérstva kvality v podniku cestovného ruchu  |b diplomová práca  |c Kristína Gajdošová ; škol. Marta Karkalíková 
264 1 |a Bratislava  |c 2009 
300 |a 92 s. 
100 1 |a Gajdošová, Kristína 
700 1 |a Karkalíková, Marta 
710 2 |a Obchodná fakulta EU. Katedra tovaroznalectva a kvality tovaru